Deutsche Ängste : 7 Essays /
Uložené v:
| Hlavný autor: | |
|---|---|
| Médium: | Kniha |
| Jazyk: | German |
| Vydané: |
Darmstadt :
Luchterhand Literaturverlag,
1988
|
| ISBN: |
3-630-61782-4 |
| Fyzický popis: |
120 S. |
| Tagy: |
Pridať tag
Žiadne tagy, Buďte prvý kto otaguje tento záznam!
|
Titul je dostupný aj v ... 

MARC
| LEADER | 00000nam a2200000 a 4500 | ||
|---|---|---|---|
| 001 | 000478144 | ||
| 003 | SVKK | ||
| 005 | 20050830100554.0 | ||
| 008 | 050830s1988 e gero | ||
| 020 | |a 3-630-61782-4 | ||
| 040 | |a KE001 |b ger | ||
| 080 | |a 830-9 |2 undef | ||
| 100 | 1 | |a Schneider, Peter |4 aut | |
| 245 | 1 | 0 | |a Deutsche Ängste : |b 7 Essays / |c Peter Schneider |
| 260 | |a Darmstadt : |b Luchterhand Literaturverlag, |c 1988 | ||
| 300 | |a 120 S. | ||
| 850 | |a KE001 | ||
| 998 | |a KN | ||
| 992 | |a AMG | ||
| 090 | |g SCKGI |k Študovňa GI |a 830-9 SCHN |j 442/93 |i G2720000870 |s Vyradená | ||